000 00526nam a2200169Ia 4500
003 OSt
005 20200911132542.0
008 190216s9999||||xx |||||||||||||| ||und||
040 _coclc
082 _a621.381078
_bKUR/E
100 _aKuryachan, T D
_94555
245 0 _aElectronic Lab Manual For Under Graduates /
_cT D Kuryachan ; Shyam Mohan S
260 _bAyodhya Publications,
_aKottayam:
_c2017.
300 _a389p
650 _aPhysics
942 _cBK
_2ddc
_h621.381078
_iKUR/E
_k621.381078
_mKUR/E
999 _c34144
_d34144